000 00575nam a2200241 a 4500
001 nice12345678
003 IN_TiNIC
005 20260116012740.0
008 050524s1991 isla grp 000 0 eng
020 _a
_c100
082 0 0 _a340.59
_bHAS2
100 _aHasan, Ahamad
245 _aDoctrine of Ijma in Islam
260 _aIslambad
_bIslamic Research Institute
_c1991
300 _a274p
500 _aincludes index and biblioraphy
505 2 _aIndex
650 _aIslamic-Law
700 1 _aHasan, Ahamad
902 _bSRS
942 _cBK
999 _c8219
_d8219